| 000 | 00714nam a2200217Ia 4500 | ||
|---|---|---|---|
| 003 | IT-RoPAU | ||
| 008 | 120407s9999 xx 000 0 und d | ||
| 040 | _aIT-RoPAU | ||
| 040 | _cIT-RoPAU | ||
| 041 | _aita | ||
| 100 | _aAdrien Nocent | ||
| 245 | _aCelebrare Gesù Cristo. L’anno liturgico. | ||
| 250 | _aAssisi | ||
| 260 | _aCittadella | ||
| 260 | _c1976 | ||
| 300 | _c cm | ||
| 490 | _v1717 | ||
| 600 | _a"1° v. Intro-l’Avvento 260 p. 2° v. Natale - Epifania 232 p. 3° v. Quaresima 352 p. 4° v. Tempo Pasquale 408 p. 5° v. T. Ord. - Domeniche da 2 a 8 280 p. 6° v. T. Ord. Domeniche da 9 a 21 : 264 p. 7° v. T. Ord. - Domeniche da 22 a 34 256 p. " | ||
| 942 | _cBK | ||
| 999 |
_c13652 _d13652 |
||